000 00402nam a2200169Ia 4500
003 LK-CoDNM
008 010623t2004 xxu||||| |||| 00| 1 eng d
040 _aLK-CoDNM
_dLK-CoDNM
_eLK-CoDNM
041 _aeng
080 _a301 MEN
100 _aMendis,L.N.T
245 _aDescent Of Man
260 _bVijitha Yapa
_aColombo 4
_c2004
300 _b188p.;21 cm cm
650 _asociology
942 _cBK
999 _c123404
_d123404